000 00316nam a22001217a 4500
008 160613b xxu||||| |||| 00| 0 eng d
020 _a9780838569764
020 _a0838569765
041 _aeng
080 _a618.2
245 _aNursing ethics through the life span:
_cElsie Bandman; Bertram Bandman;
942 _2udc
_cBK
999 _c2460
_d2460